Country... or a Country Capital? #2 - Statistics

General Stats
  • This quiz has been taken 31 times
  • The average score is 16 of 18
Answer Stats
Question Tile Select % Correct
the countries Chile Yes
100%
the countries Dhaka No
100%
the countries Kabul No
100%
the countries Nepal Yes
100%
the countries Romania Yes
100%
the countries Sofia No
100%
the country capitals China No
96%
the country capitals Colombia No
96%
the country capitals Ethiopia No
96%
the countries Montenegro Yes
96%
the country capitals Apia Yes
88%
the country capitals Bratislava Yes
88%
the country capitals Copenhagen Yes
88%
the country capitals Maputo Yes
88%
the countries Nauru Yes
88%
the country capitals Riga Yes
88%
the country capitals Djibouti No
40%
the countries Burundi No
8%
No matching quizzes found
Score Distribution
Percent of People with Each Score
Percentile by Number Answered
Your Score History
You have not taken this quiz